| 000 | 00725nam a2200241 a 4500 | ||
|---|---|---|---|
| 001 | 000034034 | ||
| 003 | DO-SdBNP | ||
| 005 | 20230210081921.0 | ||
| 007 | ta | ||
| 008 | 110921s2005 dr ac 000 0 spa d | ||
| 020 | _a9945000497 | ||
| 040 |
_aDO-SdBNP _bspa _cBNPHU |
||
| 082 | 4 |
_a770 _bP438ti _222 |
|
| 100 | 1 |
_aPérez, Faustino, _d1945- _97195 |
|
| 245 | 1 | 0 |
_aTipos de fotos / _cFaustino Pérez. |
| 260 |
_aSanto Domingo : _bBúho, _c2005. |
||
| 300 |
_a133 p. ; _bilustraciones y retratos ; _c22 cm. |
||
| 500 | _aIncluye datos biográficos del autor en la pág. 131. | ||
| 590 | _aInventariado, 2018/LP | ||
| 650 | 4 |
_aFotografía _xManuales _941625 |
|
| 910 | _aValidado. Control de calidad EMS | ||
| 942 |
_2ddc _cLBS1 |
||
| 999 |
_c33525 _d33525 |
||